00434nam a2200157Ia 4500008004100000020002200041041000800063082001600071100001700087245007300104260002100177300001200198365001200210650002700222650002700249210719s2020 xx 000 0 und d a978-9-389-64826-3 aeng a820.33 MUKD aMUKUNDAN (M) aDelhi:a soliloquy Tr by Fathima E V and Nandakumar KbDelhi Gathakal aDelhibEkac2020 a537bPB b799cRs aIndian English Fiction aIndian English Fiction